| 000 | 02096cam a22005294i 4500 | ||
|---|---|---|---|
| 003 | PE-LiUPU | ||
| 005 | 20250731172835.0 | ||
| 008 | 150825s2014 miua rb 001 0 eng d | ||
| 020 | _a9780310291473 | ||
| 035 | _a(Sirsi) i9780310291473 | ||
| 040 |
_aPE-LiUPU _bspa _cPE-LiUPU _erda |
||
| 049 | _aPRUA | ||
| 082 | 0 | 4 |
_a227.906 _bD19 _223 |
| 100 | 1 |
_aDavids, Peter H., _eautor. |
|
| 245 | 1 | 2 |
_aA theology of James, Peter, and Jude / _cPeter H. Davids. |
| 264 | 1 |
_aGrand Rapids, Michigan : _bZondervan, _c[2014] |
|
| 300 |
_a340 páginas : _bilustraciones ; _c24 centímetros. |
||
| 336 |
_atext _2rdacontent |
||
| 337 |
_aunmediated _2rdamedia |
||
| 338 |
_avolume _2rdacarrier |
||
| 490 | 0 | _aBiblical theology of the New Testament | |
| 504 | _aBibliografía : páginas 303-317. | ||
| 504 | _aÍndice de autores : páginas 339-340. | ||
| 504 | _aÍndice de escrituras y apócrifos : páginas 319-325. | ||
| 504 | _aÍndice de fuentes clásicas y judías : página 326. | ||
| 504 | _aÍndice de términos : páginas 328-338. | ||
| 505 | 0 | _aIntroduction: common themes and Issues -- James -- First Peter -- Second Peter -- Jude -- Conclusion. | |
| 526 | _aSEG42 | ||
| 526 | _aSEG41 | ||
| 526 | _aSEG40 | ||
| 526 | _aSEG39 | ||
| 526 | _aP94 | ||
| 526 | _aP87 | ||
| 526 | _aP86 | ||
| 526 | _aP85 | ||
| 526 | _aP77 | ||
| 526 | _aP76 | ||
| 526 | _aP35 | ||
| 630 | 0 | 4 |
_aBiblia. _pN.T. _pEpístolas católicas _xTeología. |
| 910 |
_acce _bjvq _ccce _d20150825 |
||
| 942 |
_2ddc _cBOOK |
||
| 949 |
_aPGT 227.906 D19 _wDEWEY _c1 _i71487 _d2015-10-28 _lCCODEBUL1 _mBUL _p25.00 _q3 _r0 _sY _tBOOK _u2015-8-25 _xTEOLOGIA _PP85 _0COMPRA _o.CIRCNOTE. No olvidar cambiar la fecha de devolución!!!!!!! _o.STAFF. Posgrado |
||
| 994 |
_aC0 _bPEPRU |
||
| 596 | _a1 | ||
| 999 |
_aPGT 227.906 D19 _wDEWEY _c6964 _i71487 _d6964 _f2021-11-9 _g5 _lCCODEBUL1 _mBUL _p25.00 _q8 _r0 _sY _tBOOK _u2015-8-25 _xTEOLOGIA _PP85 _0COMPRA _o.CIRCNOTE. No olvidar cambiar la fecha de devolución!!!!!!! _o.STAFF. Colección Teología |
||
| 980 |
_81 _gALBERTO SANCHEZ Responsable de Automatización |
||